=LDR 00000nam 2200000 4500 =001 000681 =005 20250711023043 =035 ##$$a 0010-0725000549 =007 ta =008 250711################a##########0#ind## =020 ##$$a 978-623-307-627-2 =082 ##$$a 398.209 598 =084 ##$$a 398.209 598 VIB m =100 #$$a Vibal, Recle E. =245 1#$$a Mahkota Untuk Ibu Pertiwi /$c Recle E. Vibal =250 ##$$a Cetakan Pertama =260 ##$$a Jakarta :$b Badan Pengembangan dan Pembinaan Bahasa,$c 2022 =300 ##$$a 28 hlm. : $b Ilus. ; $c 22,9 cm =650 #4$$a CERITA ANAK INDONESIA-TERJEMAHAN =650 #4$$a LITERASI-BAHAN BACAAN =990 ##$$a TBM04560456